000 04499cam a2200397 i 4500
001 21283213
003 CSPC
005 20240904110858.0
008 191021s2020 enk b 001 0 eng
010 _a 2019047121
020 _a9780367352462
_q(hardback)
020 _z9780429330186
_q(ebook)
040 _aLBSOR/DLC
_beng
_cDLC
_erda
_dDLC
_dCSPC
042 _apcc
050 0 0 _aGV363
_b.S34 2020
082 0 0 _a613.7
_223
_bSch653
245 0 0 _aSchool physical education and teacher education :
_bcollaborative redesign for the twenty-first century /
_cedited by Ann MacPhail and Hal A. Lawson.
264 1 _aAbingdon, Oxon ;
_aNew York, NY :
_bRoutledge/Taylor & Francis Group,
_c2020.
300 _ax, 200 pages ;
_c24 cm.
336 _atext
_btxt
_2rdacontent
337 _aunmediated
_bn
_2rdamedia
338 _avolume
_bnc
_2rdacarrier
504 _aIncludes bibliographical references and index.
505 0 _aGrand challenges as catalysts for the collaborative redesign of physical education, teacher education, and research and development -- The aims and outcomes challenge: preparing physical education teacher educators and teachers for twenty-first century redesign imperatives and accountability requirements -- The standards-based curricular reform challenge: shared responsibility through networking -- The alignment and coherence challenge: developing university-school partnerships for the simultaneous improvement and redesign of school programmes and teacher education -- The innovation challenge: maintaining programme standards and developing cohesion while developing and testing alternative designs in new kinds of school -- The interdisciplinary challenge: preparing teacher educators and teachers to span knowledge, organizational and international boundaries -- The professional socialization challenge: teacher education for a preferable future for physical education -- The cultural competence challenge: readying schools and university programmes for student, teacher and faculty diversity -- The digital age challenge: preparing physical and health educators to understand and support "online" youth -- The PE school curriculum challenge: the shared construction, implementation and enactment of school physical education curriculum -- The research and development challenge: better aligning teachers' and teacher educators' needs, priorities and demands -- The evidence-based decision-making challenge: developing research-supported, data-informed, structures and strategies in schools and teacher education programmes -- The professional development challenge: achieving desirable outcomes for students, teachers and teacher educators -- The public policy challenge: preparing and supporting teacher educators and teachers as change agents and policy entrepreneurs -- Learning to plan and planning to learn during turbulent times -- Developing commitments and capacity to learn with, and from, each other.
520 _a"Solid, dynamic partnerships between teacher education programmes and exemplary school physical education programmes; and Knowledge-generating teams consisting of exemplary teachers and teacher educators. Each chapter provides viable alternatives and rationales framed by unique national and local contexts. Significantly, these chapters announce that the work that lies ahead-and starts now-is a collective action project. It necessitates collaborative research and development among policy leaders, researchers, teacher education specialists, physical education teachers, and, in some cases, school-age students. This is essential reading for all researchers with an interest in physical education or teacher education, and an invaluable source of new perspectives for physical education students, pre-service and in-service teachers, and educational administrators and policy-makers"--
_cProvided by publisher.
650 0 _aPhysical education and training
_xStudy and teaching.
650 0 _aPhysical education and training
_xCurricula.
650 0 _aPhysical education teachers
_xTraining of.
650 0 _aPhysical education and training
_xAdministration.
700 1 _aMacPhail, Ann,
_eeditor.
700 1 _aLawson, Hal A.,
_d1944-
_eeditor.
906 _a7
_bcbc
_corignew
_d1
_eecip
_f20
_gy-gencatlg
942 _2ddc
_cBK
_e23
_h613.7
_iSch653
_kCIR
_m2020
_n0
999 _c28131
_d28131